| 000 | 00592nam a2200205Ia 4500 | ||
|---|---|---|---|
| 003 | GCL | ||
| 008 | 140319s9999 xx 000 0 ara d | ||
| 040 |
_aGCL / _cGCL |
||
| 082 | 0 | 4 |
_a810.903 _bل ف |
| 100 | 1 | _aلوسى يعقوب | |
| 245 | 1 | 0 |
_aفكر وفن وذكريات / _cلوسى يعقوب |
| 700 | 1 | _aمجدى سلامة | |
| 700 | 1 | _aنوال محمد عمر | |
| 260 |
_a[S.N] : _bالمؤسسة العربية الحديثة |
||
| 490 |
_aادبيات _v0 |
||
| 650 | 0 | 4 | _aالادب العربى |
| 650 | 0 | 4 | _aالثقافة |
| 650 | 0 | 4 | _aالفنون |
| 942 |
_2ddc _cBK |
||
| 999 |
_c34775 _d34775 |
||